00725nam a2200193Ia 4500008004100000020001800041040001800059041000800077100002200085245009800107260005700205300005500262504005300317650002300370650004500393650004300438650002700481650002300508130821s2011 xxuao gr eng  a9781597267250 aCo-BoUCMbspa00aeng1 aRussell, James S.14aThe agile city building well-being and wealth in an era of climate changecJames S. Russell. aWashington D.C. (Estados Unidos)bIsland Pressc2011 axviii, 290 páginasbilustraciones, fotografías aIncluye referencias bibliográficas e índice.04aCambio climático04aCambio climáticoxPolítica pública04aCrisis financieraxHistoriaySiglo XXI04aDesarrollo económico04aProblemas sociales